| 000 | 00484nam a2200169Ia 4500 | ||
|---|---|---|---|
| 999 |
_c27394 _d27394 |
||
| 003 | OSt | ||
| 005 | 20211117104420.0 | ||
| 008 | 190216s9999||||xx |||||||||||||| ||und|| | ||
| 040 | _coclc | ||
| 082 |
_a500 _bUMM/K |
||
| 100 |
_aUmmerkutty, A N P _98072 |
||
| 245 | 0 |
_aKadalinakathum Manushya Vasam / _cA N P Ummerkutty |
|
| 260 |
_bPoorna Publication, _aKozhikode: _c1990. |
||
| 300 | _a48p | ||
| 650 | _aSahithyam | ||
| 942 |
_cBK _2ddc _h500 _iUMM/K _k500 _mUMM/K |
||